000 00446nam a22001457a 4500
022 _a23142251
080 _a349.6 C 751
245 _aCuaderno de Derecho Ambiental
_bseguridad alimentaria
260 _aCordoba
_bAcademia Nacional de Derecho y Ciencias Sociales de Córdoba
_c2012
300 _a190 p.
362 _aNumero IV 2012
650 _xderecho ambiental
_xseguridad alimentaria
_xmedio ambiente
945 _asa
_d2015-06-16
999 _c4041
_d234545